000 00256nam a2200109Ia 4500
008 240625s9999 xx 000 0 und d
041 _aeng
082 _a005.758 MIC
100 _aMICROSOFT
245 _aMICROSOFT OFFICE PROJECT SERVER 2003
260 _c2003
999 _c35172
_d35172